Los vagabundos de Dios (Registro nro. 15920)

000 -CABECERA
campo de control de longitud fija 01386nam a22002297a 4500
003 - IDENTIFICADOR DEL NÚMERO DE CONTROL
campo de control OSt
005 - FECHA Y HORA DE LA ÚLTIMA TRANSACCIÓN
campo de control 20250502192853.0
008 - DATOS DE LONGITUD FIJA--INFORMACIÓN GENERAL
campo de control de longitud fija 250502b ||||| |||| 00| 0 spa d
020 ## - NÚMERO INTERNACIONAL ESTÁNDAR DEL LIBRO
Número Internacional Estándar del Libro 9786287665903
040 ## - FUENTE DE LA CATALOGACIÓN
Centro/agencia transcriptor CO-Mq BPB
041 ## - CÓDIGO DE LENGUA
Código de lengua del texto/banda sonora o título independiente spa
082 ## - NÚMERO DE LA CLASIFICACIÓN DECIMAL DEWEY
Número de clasificación AN
Número de documento/Ítem MENv
100 ## - ENTRADA PRINCIPAL--NOMBRE DE PERSONA
Nombre de persona Mendoza, Mario
Fechas asociadas al nombre 1964-
Término indicativo de función/relación autor
245 ## - MENCIÓN DE TÍTULO
Título Los vagabundos de Dios
264 ## - PRODUCCIÓN, PUBLICACIÓN, DISTRIBUCIÓN, FABRICACIÓN Y COPYRIGHT
Producción, publicación, distribución, fabricación y copyright Bogotá;
Nombre del de productor, editor, distribuidor, fabricante Planeta,
Fecha de producción, publicación, distribución, fabricación o copyright 2024
300 ## - DESCRIPCIÓN FÍSICA
Extensión 389 páginas;
Otras características físicas Tapa dura,
Dimensiones 24 cm
521 ## - NOTA DE PÚBLICO DESTINATARIO
Nota de público destinatario Adán Santana, un novelista con el cuerpo desbaratado y maltrecho por varios accidentes sucesivos, con un precario estado mental, que menguó sus fuerzas y su espíritu, sobrevivió como pudo al encierro de la pandemia y ahora es un náufrago inmóvil. La humanidad no cambió un ápice tras la prueba extrema que experimentó y él, en medio de ese caos, no sabe cómo retomar el rumbo, si es que aún existe alguno, después de todo lo que ha pasado. De manera misteriosa comienzan a llegarle señales de que debe volver al corazón oscuro de la ciudad que ha alimentado sus obras. La intempestiva aparición de un viejo amigo, un bohemio músico de jazz, lo pone en marcha al recomendarlo con una joven artista que recordó en terapia, por medio de la hipnosis, su propósito al conectarse con sus vidas pasadas.
650 ## - PUNTO DE ACCESO ADICIONAL DE MATERIA--TÉRMINO DE MATERIA
Término de materia o nombre geográfico como elemento de entrada Literatura de viajes
650 ## - PUNTO DE ACCESO ADICIONAL DE MATERIA--TÉRMINO DE MATERIA
Término de materia o nombre geográfico como elemento de entrada Literatura adulto
650 ## - PUNTO DE ACCESO ADICIONAL DE MATERIA--TÉRMINO DE MATERIA
Término de materia o nombre geográfico como elemento de entrada Narrativa
942 ## - ELEMENTOS DE PUNTO DE ACCESO ADICIONAL (KOHA)
Fuente del sistema de clasificación o colocación
Tipo de ítem Koha Libro Literatura
Existencias
Estado de retiro Estado de pérdida Fuente del sistema de clasificación o colocación Estado dañado No para préstamo Código de colección Localización permanente Ubicación/localización actual Ubicación en estantería Fecha de adquisición Fuente de adquisición Número de inventario Total de préstamos Renovaciones totales Signatura topográfica completa Código de barras Fecha visto por última vez Fecha del último préstamo Número de copia Precio válido a partir de Tipo de ítem Koha Nota pública
          Literatura Adulto Biblioteca Pública San Juan Bosco Biblioteca Pública San Juan Bosco Literatura 02/05/2025 Compra 2024 NT 4 3 AN MENv MOS504367 01/06/2026 04/05/2026 Ej.1 02/05/2025 Libro Literatura Quince dias
          Literatura Adulto Biblioteca Pública San Juan Bosco Biblioteca Pública San Juan Bosco Literatura 05/05/2025 Compra 2024 NT     AN MENv MOS504374 05/05/2025   Ej.2 05/05/2025 Libro Literatura Quince dias

© Todos los derechos reservados para la Biblioteca Pública Municipal San Juan Bosco, 2020
Secretaria de Cultura de Mosquera
Carrera 3 N° 10 Esquina Centro Cultural Barrio El Carmén Teléfono: 8270830 Ext: 34
Funcionando con KOHA
Contacto: Biblioteca Pública Municipal San Juan Bosco/ bibliotecasanjuanbosco@mosquera-cundinamarca.gov.co
Mosquera, Cundinamarca